Gn̊ero, vulnerabilidade e autonomia repercusse̳s jurd̕icas /

Detalles Bibliográficos
Autor principal: Brochado Teixeira, Ana Carolina
Otros Autores: Bezerra de Menezes, Joyceane
Formato: eBook
Lenguaje:portugués
Publicado: Indaiatuba: Editora Foco, 2021
Materias:
Acceso en línea:Acceso restringido

MARC

LEADER 00000nam a22000007a 4500
005 2021121409409.0
007 cr|||| ||||
008 211214s2021 br |||||s|||| 00||0 por d
020 |a 978-65-5515-232-6 
035 |a 35481 
040 |a vLex 
090 |c 12717  |d 12717 
100 1 |a Brochado Teixeira, Ana Carolina 
245 1 0 |a Gn̊ero, vulnerabilidade e autonomia  |h [Recurso electrn̤ico] :  |b repercusse̳s jurd̕icas /  |c Ana Carolina Brochado Teixeira, Joyceane Bezerra de Menezes 
256 |a Servicio en ln̕ea 
260 |a Indaiatuba:  |b Editora Foco,  |c 2021 
300 |a 1 recurso electrn̤ico 
500 |a O reconhecimento dos direitos de personalidade e a soma dos direitos fundamentais lastreados no princp̕io-garantia dignidade da pessoa humana nô tem sido suficientes para debelar as prt̀icas sociais discriminatr̤ias em virtude de fatores como gn̊ero, idade e deficin̊cia. Persiste no imaginr̀io social, a figura do sujeito de direitos abstrato, inserido na sua normalidade e autonomia insular que findam por diminuir e invisibilizar aquela pessoa que traz consigo um ou vr̀ios traȯs de vulnerabilidade. Quando fatores como gn̊ero e deficin̊cia se associam ̉certa condiȯ̂ social, nacionalidade e cor, potencializam as prt̀icas de discriminaȯ̂ e de opressô das identidades, desafiando as doutrinas antidiscriminatr̤ias. A sinergia entre essas diversas fontes de discriminaȯ̂ demanda que o enfrentamento tambm̌ se faȧ de forma sistm̊ica, segundo o paradigma da interseccionalidade. Nessa perspectiva, a anl̀ise de gn̊ero e deficin̊cia como fatores de discriminaȯ̂ e vulnerabilidade no ḿbito do direito privado, esbarrar,̀ inequivocamente, na interseccionalidade – ou seja, na interaȯ̂ sinergťica entre diversas modalidades de discriminaȯ̂ que vulnera ainda mais a pessoa. Mais vulnerv̀el e espoliado em sua autonomia ser ̀aquele que sofre os efeitos sinergťicos de ml︢tiplos fatores de opressô e discriminaȯ̂. 
506 1 |a Disponible solo en los productos indicados  |d vLex Global  |d vLex Global (Academic Edition, excluding Law Schools)  |d vLex Global (U.S. Academic Edition, Law Schools)  |d vLex Global (U.S. Academic Edition, excluding Law Schools)  |d vLex Global (Academic Edition, Law Schools) 
650 0 4 |a Derecho Militar  |z Brasil 
700 1 |a Bezerra de Menezes, Joyceane 
740 0 |a vLex Libros (Servicio en ln̕ea) 
856 4 0 |u https://app.vlex.com/#/sources/35481  |z Acceso restringido 
942 |c BOOK 
999 0 |a Military Law